Cricket: Top ODI Batsman Ever - Statistics

General Stats
  • This quiz has been taken 350 times
  • The average score is 17 of 27
Answer Stats
batsman % Correct
Sachin Tendulkar
99%
Ricky Ponting
92%
Virat Kohli
87%
Kumar Sangakkara
84%
Rohit Sharma
83%
Mahela Jayawardene
82%
Brian Lara
81%
Rahul Dravid
80%
Chris Gayle
79%
Jacques Kallis
78%
Virender Sehwag
76%
Martin Guptill
73%
Sanath Jayasuriya
73%
Sourav Ganguly
72%
AB de Villiers
70%
MS Dhoni
68%
Inzamam-ul-Haq
65%
Hashim Amla
59%
Viv Richards
55%
Babar Azam
43%
Saeed Anwar
43%
Michael Bevan
38%
Jonathan Trott
31%
Charles Coventry
26%
Ryan ten Doeschate
24%
Ambati Rayudu
10%
Tom Cooper
8%
No matching quizzes found
Score Distribution
Percent of People with Each Score
Percentile by Number Answered
Your Score History
You have not taken this quiz